000 00702nam a2200253Ia 4500
003 OSt
005 20221006145613.0
006 a|||||r|||| 00| 0
007 ta
008 221006b |||||||| |||| 00| 0 eng d
024 _a15,420
037 _bGift,
_cTextual
040 _aEASL
_cEASL
_beng
041 _2eng
_aeng
082 _aV41:594(Z,C).M95, K7
100 _aRAWLINSOn Jhon L
_9654812
245 0 _aChina struggle for naval revelopment 1839-1895
260 _aCambridge
_bHarvard University
_c1967
300 _a318p.
_ccm.
490 _v RS
650 _aCEL
942 _hV41:594(Z,C).M95, K7
_cTEXL
_2CC
999 _c1083506
_d1083506